000 00654nam a2200229Ia 4500
003 OSt
005 20220928124403.0
006 a|||||r|||| 00| 0
007 ta
008 220927b |||||||| |||| 00| 0 eng d
024 _a50274
037 _cTextual
040 _aSDCL
_cSDCL
_beng
041 _2eng
_aeng
082 _aV73:19(F555)'N80->N90, M2
100 _aConant Melvin A
_9464803
245 0 _aOil factor in US foreign policy, 1980-1990
260 _aLexington
_bLexington Books
_c1982
300 _axvi,119p
_ccm.
942 _hV73:19(F555)'N80->N90, M2
_cTEXL
_2CC
999 _c777702
_d777702